|
|
|
|
| LEADER |
00000cam a2200000 7i4500 |
| 001 |
0000002332 |
| 005 |
20030527.0 |
| 090 |
0 |
0 |
|a 633.39
|b LEU 1984
|
| 245 |
0 |
0 |
|a LEUCAENA : promising forage and tree crop for the tropics :
|b report of an ad hoc panel of the Advisory Committee on Technology Innovation Board on Science and Technology for International Development, Office of International Affairs in cooperation withthe Nitrogen Fixing Tree Association, Waimanalo, Hawaii
|
| 250 |
0 |
0 |
|a 2nd ed.
|
| 260 |
0 |
0 |
|a Washington, D.C. :
|b National Academy Press ,
|c 1984
|
| 300 |
|
|
|a viii, 100 p. :
|b ill. ;
|c 23 cm.
|
| 440 |
0 |
0 |
|a Innovations in tropical reforestation
|
| 500 |
0 |
0 |
|a Includes bibliography: p. 86-88
|
| 650 |
0 |
0 |
|a Forage plants
|z Tropics
|
| 650 |
0 |
0 |
|a Lead tree
|z Tropics
|
| 650 |
0 |
0 |
|a Leucaena
|z Tropics
|
| 998 |
|
|
|a JPSM
|
| 999 |
|
|
|a 0000004137
|b Monograph
|c Open Shelf
|e Default branch
|
| 999 |
|
|
|a 0000004138
|b Monograph
|c Open Shelf
|e Default branch
|